Những quy định về tổ chức hoạt động của ban tư pháp xã, phường và thị trấn
Uloženo v:
| Médium: | Kniha |
|---|---|
| Jazyk: | Undetermined |
| Vydáno: |
H.
CTQG
2003
|
| Témata: | |
| Tagy: |
Přidat tag
Žádné tagy, Buďte první, kdo otaguje tento záznam!
|
| Thư viện lưu trữ: | Trung tâm Học liệu Trường Đại học Cần Thơ |
|---|
| LEADER | 00505nam a2200157Ia 4500 | ||
|---|---|---|---|
| 001 | CTU_55484 | ||
| 008 | 210402s9999 xx 000 0 und d | ||
| 020 | |b 34000 | ||
| 082 | |a 346.597 | ||
| 082 | |b Nh556 | ||
| 245 | 0 | |a Những quy định về tổ chức hoạt động của ban tư pháp xã, phường và thị trấn | |
| 260 | |a H. | ||
| 260 | |b CTQG | ||
| 260 | |c 2003 | ||
| 650 | |a justice, administration of,civil law | ||
| 980 | |a Trung tâm Học liệu Trường Đại học Cần Thơ | ||